| 000 | 01257nam a2200349 a 4500 | ||
|---|---|---|---|
| 001 | 000109623 | ||
| 003 | CHAP | ||
| 005 | 20220329144057.0 | ||
| 008 | 140514s2014 mx sm |||||||spa d | ||
| 010 | _a106085 | ||
| 011 | _a107057 | ||
| 040 | _cCHAP | ||
| 090 | _aTesis | ||
| 100 | 1 |
_aSantiago Luna, Florencio _9127084 |
|
| 245 | 1 | 0 |
_aComportamiento agrónomico de líneas élite de maíz (Zea mays L.) en 2 ambientes _h[En línea] _btropical y subtropical / _cpor Florencio Santiago Luna. |
| 260 |
_aChapingo, Méx. : _bEl autor, _c2014. |
||
| 500 | _aPara ver el contenido del material haga clic en la liga | ||
| 502 | _aTesis (Ing. Agr. Esp. en Fitotecnia) -- UACH. Departamento de Fitotecnia | ||
| 590 |
_aBATCH-UPD _b10 _c20141002 _lUCH01 _h0903 |
||
| 590 |
_aE11695DGD _b10 _c20140527 _lUCH01 _h0935 |
||
| 590 |
_aE6096MTM _b05 _c20140514 _lUCH01 _h1457 |
||
| 590 |
_aE6096MTM _b05 _c20140514 _lUCH01 _h1504 |
||
| 650 | 1 | 4 |
_aEndogamia. _936873 |
| 650 | 1 | 4 |
_aMaíz _xEfecto del clima. _970934 |
| 650 | 1 | 4 |
_aMaíz _xGenética. _970963 |
| 650 | 1 | 4 |
_aMaíz _xMejoramiento. _971006 |
| 650 | 1 | 4 |
_aMaíz _xRendimiento. _971051 |
| 856 |
_aFinding aid _uhttp://10.13.5.2/tesis/sist109623.pdf _zTeclea aquí |
||
| 901 | _aBK | ||
| 942 | _cTESIS | ||
| 942 | _n0 | ||
| 999 |
_c106085 _d106085 |
||